Every Song by the Cult - Statistics

General Stats
  • This quiz has been taken 6 times
  • The average score is 13 of 153
Answer Stats
Album Song % Correct
Love(1985) Love
100%
Sonic Temple(1989) Sun King
100%
Dreamtime(1984) Dreamtime
75%
Electric(1987) Love Removal Machine
75%
Love(1985) She Sells Sanctuary
75%
Born into This(2007) Born Into This
50%
Ceremony(1991) Ceremony
50%
Electric(1987) Electric Ocean
50%
Sonic Temple(1989) Fire Woman
50%
Electric(1987) Lil' Devil
50%
Love(1985) Nirvana
50%
Love(1985) Rain
50%
Sonic Temple(1989) Sweet Soul Sister
50%
Electric(1987) Wild Flower
50%
Sonic Temple(1989) American Horse
25%
Electric(1987) Aphrodisiac Jacket
25%
Love(Bonus)(2009) Assault on Sanctuary
25%
Sonic Temple(1989) Automatic Blues
25%
Dreamtime Live at the Lyceum(1986) Gods Zoo
25%
Sonic Temple(1989) Edie (Ciao Baby)
25%
Death Cult(1983) Ghost Dance
25%
Dreamtime(1984) Go West (Crazy Spinning Circles)
25%
Sonic Temple(1989) New York City
25%
Love(Bonus)(2009) No. 13
25%
Electric(1987) Peace Dog
25%
Pure Cult: for Rockers, Ravers, Lovers, and Sinners(1993) Resurrection Joe
25%
Love(1985) Revolution
25%
Sonic Temple(1989) Soldier Blue
25%
Sonic Temple(1989) Soul Asylum
25%
Dreamtime(1984) Spiritwalker
25%
Love(1985) The Phoenix
25%
Under the Midnight Sun(2022) Under the Midnight Sun
25%
Dreamtime(1984) 83rd Dream
0%
Under the Midnight Sun(2022) A Cut Inside
0%
Dreamtime(1984) A Flower in the Desert
0%
Love(Bonus)(2009) All Souls Avenue
0%
Beyond Good and Evil(2001) American Gothic
0%
Choice of Weapon(2012) Amnesia
0%
Choice of Weapon(2012) A Pale Horse
0%
Beyond Good and Evil(2001) Ashes and Ghosts
0%
Hidden City(2016) Avalanche of Light
0%
Electric(1987) Bad Fun
0%
Dreamtime(1984) Bad Medicine Waltz
0%
Ceremony(1991) Bangkok Rain
0%
High Octane Cult(1996) Beauty's on the Street
0%
The Cult(1994) Be Free
0%
Love(1985) Big Neon Glitter
0%
Hidden City(2016) Birds of Paradise
0%
Love(1985) Black Angel
0%
The Cult(1994) Black Sun
0%
Sonic Temple(Bonus)(2019) Bleeding Heart Graffiti
0%
Dreamtime Live at the Lyceum(1986) Bone Bag
0%
Beyond Good and Evil(2001) Breathe
0%
Death Cult(1983) Brothers Grimm
0%
Love(1985) Brother Wolf, Sister Moon
0%
Dreamtime(1984) Butterflies
0%
Death Cult(1983) Christians
0%
Born into This(2007) Citizens
0%
The Cult(1994) Coming Down (Drug Tongue)
0%
Electric(Bonus)(1987) Conquistador
0%
Hidden City(2016) Dance the Night
0%
Hidden City(2016) Dark Energy
0%
Hidden City(2016) Deeply Ordered Chaos
0%
Born into This(2007) Diamonds
0%
Born into This(2007) Dirty Little Rockstar
0%
Pure Cult: for Rockers, Ravers, Lovers, and Sinners(1993) The Witch
0%
Ceremony(1991) Earth Mofo
0%
Choice of Weapon(2012) Elemental Light
0%
Choice of Weapon(Bonus)(2012) Embers
0%
The Cult(1994) Emperor's New Horse
0%
Choice of Weapon(Bonus)(2012) Every Man And Woman Is A Star
0%
Love(Bonus)(1985) Faith Healer
0%
Choice of Weapon(2012) For the Animals
0%
Ceremony(1991) Full Tilt
0%
Dreamtime(1984) Gimmick
0%
Under the Midnight Sun(2022) Give Me Mercy
0%
Hidden City(2016) G O A T
0%
The Cult(1994) Gone
0%
Electric(Bonus)(1987) Groove Co.
0%
Ceremony(1991) Heart of Soul
0%
Hidden City(2016) Heathens
0%
Hidden City(2016) Hinterland
0%
Love(1985) Hollow Man
0%
Born into This(2007) Holy Mountain
0%
Choice of Weapon(2012) Honey from a Knife
0%
Dreamtime(1984) Horse Nation
0%
Born into This(2007) I Assassin
0%
Ceremony(1991) If
0%
Born into This(2007) Illuminated
0%
Under the Midnight Sun(2022) Impermanence
0%
Hidden City(2016) In Blood
0%
Ceremony(1991) Indian
0%
High Octane Cult(1996) In the Clouds
0%
The Best of Rare Cult(2000) Join Hands
0%
The Cult(1994) Joy
0%
Love(Bonus)(1985) Judith
0%
Electric(1987) King Contrary Man
0%
Under the Midnight Sun(2022) Knife Through Butterfly Heart
0%
Sonic Temple(Bonus)(2019) Lay Down Your Gun
0%
Beyond Good and Evil(Bonus)(2001) Libertine
0%
Choice of Weapon(2012) Life>Death
0%
Hidden City(2016) Lilies
0%
Love(Bonus)(1985) Little Face
0%
Electric(Bonus)(1987) Love Trooper
0%
Choice of Weapon(2012) Lucifer
0%
Sonic Temple(Bonus)(2019) Medicine Train
0%
Electric(1987) Memphis Hip Shake
0%
Sonic Temple(Bonus)(2019) Messin’ Up the Blues
0%
Under the Midnight Sun(2022) Mirror
0%
Dreamtime Live at the Lyceum(1986) Moya
0%
Beyond Good and Evil(2001) My Bridges Burn
0%
The Cult(1994) Naturally High
0%
Beyond Good and Evil(2001) Nico
0%
Hidden City(2016) No Love Lost
0%
Under the Midnight Sun(2022) Outer Heaven
0%
Electric(1987) Outlaw
0%
Non-Album(2000) Painted on My Heart
0%
The Cult(1994) Real Grrrl
0%
Dreamtime(1984) Rider in the Snow
0%
Beyond Good and Evil(2001) Rise
0%
The Cult(1994) Sacred Life
0%
The Cult(1994) Saints Are Down
0%
Born into This(2007) Savages
0%
The Best of Rare Cult(2000) Sea and Sky
0%
Beyond Good and Evil(2001) Shape the Sky
0%
Choice of Weapon(Bonus)(2012) Siberia
0%
Hidden City(2016) Sound and Fury
0%
Born into This(2007) Sound of Destruction
0%
The Best of Rare Cult(2000) Spanish Gold
0%
Beyond Good and Evil(2001) Speed of Light
0%
Born into This(2007) Stand Alone
0%
The Cult(1994) Star
0%
Love(Bonus)(2009) Sunrise
0%
Ceremony(1991) Sweet Salvation
0%
Beyond Good and Evil(2001) Take the Power
0%
Sonic Temple(Bonus)(2019) The River
0%
Beyond Good and Evil(2001) The Saint
0%
Choice of Weapon(2012) The Wolf
0%
Choice of Weapon(2012) This Night in the City Forever
0%
Born into This(2007) Tiger in the Sun
0%
Beyond Good and Evil(2001) True Believers
0%
The Cult(1994) Universal You
0%
Choice of Weapon(Bonus)(2012) Until The Light Takes Us
0%
Under the Midnight Sun(2022) Vendetta X
0%
Sonic Temple(1989) Wake Up Time for Freedom
0%
Love(Bonus)(2009) Waltz
0%
Born into This(2007) War Pony Destroyer
0%
Beyond Good and Evil(2001) War (The Process)
0%
Ceremony(1991) White
0%
Choice of Weapon(2012) Wilderness Now
0%
Ceremony(1991) Wild Hearted Son
0%
Ceremony(1991) Wonderland
0%
Electric(Bonus)(1987) Zap City
0%
No matching quizzes found
Score Distribution
Percent of People with Each Score
Percentile by Number Answered
Your Score History
You have not taken this quiz